000 03570nab a2200301 i 4500
003 BR-BrBNA
005 20230908081434.0
008 230626b2019 bl.ar|pooa||| 00| 0 eng |
040 _aBR-BrBNA
_beng
072 _aH60
072 _aF60
100 _aPereira, J.C.
100 _aPaulino, C.L.A.
100 _aEndres, L.
100 _aSantana, A.E.G.
100 _aPereira, F.R.S.
100 _aSouza, R.C.
245 _aAllelopathic potential of ethanolic extract and phytochemical analysis of Paspalum maritimum trind
500 _aPublicação on-line; 42 ref.; 4 tables; 4 illus.; Summaries (En, Pt)
520 _a ABSTRACT - Allelopathy is defined as the ability of certain plants and microorganisms to interfere with the metabolism of other species through substances released into the environment, being an alternative to control weeds and diseases. In this context, this study aimed to evaluate the allelopathic potential and identify groups of secondary metabolites of Paspalum maritimum Trind. The species Lactuca sativa, Digitaria insularis, Emilia coccinea, and Portulaca oleracea were used as recipient plants. The ethanolic extract was obtained from shoot and root of donor species to evaluate the allelopathic potential. Potentially allelopathic effects were evaluated by means of germination tests, germination speed index, and initial seedling growth. A phytochemical analysis of the extract was also performed to identify the secondary metabolites. The ethanolic extract from both plant parts had an allelopathic effect on recipient species. The presence of condensed tannins, chalcones and aurones, flavonones, steroids, and saponins were detected in the most active fraction of the shoot of P. maritimum. Keywords: allelopathy, ginger grass, secondary metabolites.
520 _a RESUMO - Alelopatia é definida como a capacidade que determinadas plantas e microrganismos têm de interferir no metabolismo de outras espécies, por meio de substâncias liberadas no ambiente, podendo ser uma alternativa de combate às plantas daninhas e doenças. Nesse contexto, este estudo teve por objetivos avaliar o potencial alelopático e identificar os grupos de metabólitos secundários de Paspalum maritimum Trind. As espécies Lactuca sativa, Digitaria insularis, Emilia coccinea e Portulaca oleracea foram utilizadas como plantas receptoras. Para avaliar o potencial alelopático, foram obtidos o extrato etanólico da parte aérea e radicular da espécie doadora. Os efeitos potencialmente alelopáticos foram avaliados por meio de testes de germinação, índice de velocidade de germinação e crescimento inicial de plântulas. Foi realizada também a análise fitoquímica do extrato, para identificar os metabólitos secundários. O extrato etanólico, de ambas as partes da planta, causaram efeito alelopático nas espécies receptoras. Foi detectada, na fração mais ativa da parte aérea de P. maritimum, a presença de taninos condensados, chalconas e auronas, flavononas, esteroides e saponinas. Palavras-chave: alelopatia, capim-gengibre, metabólitos secundários.
650 _aALELOPATIA
650 _aCAPIM GENGIBRE
773 0 _0886
_91816
_dLondrina-PR : Sociedade Brasileira da Ciência das Plantas Daninhas, 1978
_o2023-031023
_tPlanta Daninha (Brazil)
_x0100-8358; 1806-9681 (on-line)
_gv. 37 p. 1-12; (2019)
_wBR2023000451
856 _uhttps://www.scielo.br/j/pd/a/jFKWgWsxRDkpqc8xgXbmsKN/?format=pdf&lang=en
942 _cAnalítica
999 _c9469
_d9469